10 biggest countries in Europe - Statistics

General Stats
  • This quiz has been taken 100 times
  • The average score is 10 of 10
Answer Stats
Rank Pop. Answer % Correct
4 68.5m France
100%
2 83.5m Germany
100%
5 59m Italy
100%
1 144m Russia
100%
3 69.2m United Kingdom
100%
8 36.6m Poland
98%
6 48.8m Spain
96%
7 37.9m Ukraine
96%
9 19.1m Romania
91%
10 18m Netherlands
78%
No matching quizzes found
Score Distribution
Percent of People with Each Score
Percentile by Number Answered
Your Score History
You have not taken this quiz